The black tulip (Record no. 276765)

000 -LEADER
fixed length control field 00196 a2200097 4500
001 - CONTROL NUMBER
control field 41692
090 ## - LOCALLY ASSIGNED LC-TYPE CALL NUMBER (OCLC); LOCAL CALL NUMBER (RLIN)
-- 25820
-- 25820
100 ## - MAIN ENTRY--PERSONAL NAME
Personal name Dumas Alex
245 ## - TITLE STATEMENT
Title The black tulip
260 ## - PUBLICATION, DISTRIBUTION, ETC.
Place of publication, distribution, etc. Collins
Name of publisher, distributor, etc.
Date of publication, distribution, etc.
942 ## - ADDED ENTRY ELEMENTS (KOHA)
Institution code [OBSOLETE] NUST-CAE
Koha item type
--
Holdings
Withdrawn status Lost status Damaged status Not for loan Collection code Permanent Location Current Location Date acquired Total Checkouts Barcode Date last seen Price effective from Koha item type
          College of Aeronautical Engineering (CAE) College of Aeronautical Engineering (CAE) 04/03/2017   CAE43269 04/05/2017 04/05/2017 Book
© 2023 Central Library, National University of Sciences and Technology. All Rights Reserved.